| 000 | 01257nam a2200349 a 4500 | ||
|---|---|---|---|
| 001 | 000114350 | ||
| 003 | CHAP | ||
| 005 | 20220329144437.0 | ||
| 008 | 180115s2017 mx a fsm |||||||spa d | ||
| 010 | _a110811 | ||
| 011 | _a111783 | ||
| 040 | _cCHAP | ||
| 090 | _aTesis | ||
| 100 | 1 |
_aBeristaín Morales, Artemio _9134316 |
|
| 245 | 1 | 0 |
_aExportación de café orgánico al mercado alemán / _h[En línea] _cpor Artemio Beristaín Morales. |
| 260 |
_aChapingo, Méx. : _bEl autor, _c2017. |
||
| 500 | _aPara ver el contenido del material haga clic en la liga | ||
| 502 | _aTesis (Lic. en Comercio Internacional) -- UACH. División de Ciencias Económico-Administrativas | ||
| 590 |
_aBATCH _b00 _c20181121 _lUCH01 _h0759 |
||
| 590 |
_aE11695DGD _b10 _c20180115 _lUCH01 _h1312 |
||
| 590 |
_aE8697GMM _b05 _c20180115 _lUCH01 _h1127 |
||
| 590 |
_aE8697GMM _b05 _c20180115 _lUCH01 _h1210 |
||
| 650 | 1 | 4 |
_aCafé orgánico _xCertificación. _9134323 |
| 650 | 1 | 4 |
_aCafé orgánico _xConsumo _zAlemania. _9134325 |
| 650 | 1 | 4 |
_aCafé orgánico _xMercadeo. _9125706 |
| 650 | 1 | 4 |
_aCafé _xImportación. _917156 |
| 856 |
_a1 _n0000938 |
||
| 856 |
_aFinding aid _uhttp://10.13.5.2/tesis/sist114350.pdf _zTeclea aquí |
||
| 901 | _aBK | ||
| 942 | _cTESIS | ||
| 942 | _n0 | ||
| 999 |
_c110811 _d110811 |
||